000 00585nam a2200229Ia 4500
003 OSt
005 20220918205553.0
006 a|||||r|||| 00| 0
007 ta
008 220917b |||||||| |||| 00| 0 eng d
024 _a117,089
037 _cTextual
040 _aARTS
_cARTS
_beng
041 _2eng
_aeng
082 _aV671:1:N5, J5;1
100 _aNasser G A
_9115509
245 0 _aEgypt's lineration
_b Philosophy of the revolution
260 _c1955
650 _aHISTORY
942 _hV671:1:N5, J5;1
_cTEXL
_2CC
999 _c240380
_d240380